000 00952nac a22002657a 4500
001 BR7901109
003 BR-BrBNA
005 20240105114403.0
008 230509b bl.|||m| |||| 00| 0 por d
040 _aBR-BrBNA
_bpor
_cBiblioteca Nacional de Agricultura
072 _aF25
090 _aF25 BR7901109
100 1 _aCampos, A.X. de
110 1 _aComissao Executiva do Plano da Lavoura Cacaueira, Belem, PA (Brasil). Depto. Especial da Amazonia
_92095
245 1 _aCondicoes da fertilidade natural dos solos de terra firme do municipio de Cameta-Para [Brasil]
260 3 _aBelem, PA (Brasil):
_c1978.
300 _a10 p.
490 _aComunicado Tecnico - Comissao Executiva do Plano da Lavoura Cacaueira. Depto. Especial da Amazonia (Brazil)
_vno. 6
_x
500 _a9 ref.
650 _aFERTILIDADE DO SOLO
650 _aANALISE DO SOLO
650 _aPARA
909 _a202312
_bLúcia Elande
_c55
_dLúcia Elande
942 _2AGRIS
_n0
_cMS
999 _c269061
_d269061